| 000 | 01213cam a22003137a 4500 | ||
|---|---|---|---|
| 001 | 13911819 | ||
| 003 | CEME | ||
| 005 | 20210628201550.0 | ||
| 008 | 050325s2005 nyua bf 001 0 eng d | ||
| 010 | _a 2005272416 | ||
| 020 | _a0071436898 | ||
| 035 | _a(OCoLC)ocm57756209 | ||
| 040 |
_aSISPL _cSISPL _dOCLCQ _dDLC |
||
| 042 | _alccopycat | ||
| 050 | 0 | 0 |
_aTJ230 _b.B87 2005 |
| 082 | 0 | 0 |
_a621.8/15 _222 |
| 100 | 1 |
_aBrown, Thomas H. _955858 |
|
| 245 | 1 | 0 |
_aMarks' calculations for machine design / _cThomas H. Brown, Jr. |
| 246 | 3 | 0 | _aCalculations for machine design |
| 246 | 1 | 3 | _aMarks' standard calculations for mechanical engineers |
| 260 |
_aNew York : _bMcGraw-Hill, _cc2005. |
||
| 300 |
_axv, 445 p. : _bill. ; _c24 cm. |
||
| 504 | _aIncludes bibliographical references (p. 439) and index. | ||
| 650 | 0 |
_aMachine design _vHandbooks, manuals, etc. _955859 |
|
| 856 | 4 | 2 |
_3Contributor biographical information _uhttp://www.loc.gov/catdir/enhancements/fy0626/2005272416-b.html |
| 856 | 4 | 2 |
_3Publisher description _uhttp://www.loc.gov/catdir/enhancements/fy0626/2005272416-d.html |
| 856 | 4 | 1 |
_3Table of contents only _uhttp://www.loc.gov/catdir/enhancements/fy0626/2005272416-t.html |
| 942 |
_2ddc _cBK |
||
| 999 |
_c566501 _d566501 |
||